00754 2200241 4500001002100000005001700021008004100038035002400079082001200103090002300115100001700138245013400155260002900289300003300318500004500351500002700396650002400423850002100447980001400468985000600482986000900488999001500497YOGYA-0209000004325820090227025940.0 ind  0010-020900000043258 a346.025 a346.025bFat PlSK aFATHURROHMAN aParate executivc dalam perjanjian gadai dengan jaminan benda bergerak di perusahaan umum pegadaian Kulon Progocoleh Fathurrohman aYogyakartab[s.n.]c1994 aviii, 89, [18] lembarc29 cm aSkripsi Fakultas Hukum U.I.I. Yogyakarta bibliografi : lembar 89 aGadai (Aspek hukum) aYOPDYOG [TRM 29] a30-8-2007 a1 aRuni a07A0026110